| 000 | 00622nam a22001697a 4500 | ||
|---|---|---|---|
| 005 | 20251108175152.0 | ||
| 008 | 250721s9999 xx 000 0 ara d | ||
| 082 | 1 | 4 | _a213.03/حاك |
| 100 | 1 | _aالحاكم النيسابوري، محمد بن عبد الله الطهماني | |
| 245 | 1 | 0 | _aترتيب احاديث و آثار المسند للامام ابي بكر الحميدي المتوفي سنة 219ه و يليه..... / |
| 264 | 1 |
_aالرياض : _bدار العاصمة، |
|
| 300 | _a102ص. | ||
| 650 | 1 | 7 | _aالاسلام |
| 650 | 1 | 7 | _aالحديث الشريف |
| 942 |
_2ddc _cBK |
||
| 999 |
_c127767 _d127767 |
||